Регионална библиотека "Любен Каравелов" - Русе

Goya [DVD видео] (Запис номер 227296)

MARC детайли
000 -Лидер
Лидер 01832ngm a2200445 a 4500
003 - Код на организацията, давaща контролен номер
Код на организацията, даваща контролен номер BLK
005 - Дата и час на последна редакция
Дата и час на последна редакция 20240607134300.0
008 - Елементи от данни с фиксирана дължина
Елементи с фиксирана дължина 180410b bul||n||s|||||||| mlbulo|
010 ## - Наследен системен номер
LC control number CDD00008286000
040 ## - Източник на каталожния запис
Код на библиотеката BLK
041 ## - Код за език
Език Немски
Език за КДБФ Немски
072 #7 - Код за тематичната категория
Код организация bullib
Код за тематична категория Ф0601
Текст Игрални филми Ф
080 ## - УДК
УДК текст Художествени филмови жанрове
УДК код 791.221/.228
УДК – код + определител 791.221/.228
080 ## - УДК
УДК текст Франсиско Хосе де Гоя и Лусиентес. Испански художник и график (1746-1828)
УДК код 929 Гоя, Франсиско
УДК – код + определител 929 Гоя, Франсиско
245 10 - Сведения за заглавието
Заглавие Goya [DVD видео]
Подзаглавни данни Spielfilm
Авторска отговорност reg. Konrad Wolf; drehbuchaut. Angel Wagenstein; darst. Donatas Banionis; darst. Olivera Katarina; darst. Fred Duren; darst. Tatjana Lolowa; Анжел Раймонд Вагенщайн; Татяна Желязкова Лолова.
257 ## - Страна на издаване
Страна на създаване/издаване Германия
260 ## - Област на издателските данни
Име на издателя Goethe-Inst.
Година на издаване 2014
Дата на отпечатване 1971
Място на издаване Sofia
300 ## - Физическа характеристика
Брой дискове, общо времетраене 1 DVD
Други физически данни PAL : цв.
Размер 12 см
306 ## - Продължителност на изпълнението
Времетраене 129 мин.
380 ## - Жанр
Жанр Изкуство
600 14 - Име на лице, използвано като предмет
За него / За нея Гоя, Франсиско
9 (RLIN) 55617
659 ## - Тематичен бюлетин
Тематичен бюлетин Ф
700 1# - Други автори (авторска отговорност)
Друг автор Wolf, Konrad
Авт. отговорност на др. автор reg.
9 (RLIN) 387967
700 1# - Други автори (авторска отговорност)
Друг автор Wagenstein, Angel
Авт. отговорност на др. автор drehbuchaut.
9 (RLIN) 355572
700 1# - Други автори (авторска отговорност)
Друг автор Banionis, Donatas
Авт. отговорност на др. автор darst.
9 (RLIN) 4404
700 1# - Други автори (авторска отговорност)
Друг автор Katarina, Olivera
Авт. отговорност на др. автор darst.
9 (RLIN) 14770
700 1# - Други автори (авторска отговорност)
Друг автор Duren, Fred
Авт. отговорност на др. автор darst.
9 (RLIN) 9157
700 1# - Други автори (авторска отговорност)
Друг автор Lolowa, Tatjana
Авт. отговорност на др. автор darst.
9 (RLIN) 17203
700 1# - Други автори (авторска отговорност)
Друг автор Вагенщайн, Анжел Раймонд
Авт. отговорност на др. автор *
9 (RLIN) 387744
700 1# - Други автори (авторска отговорност)
Друг автор Лолова, Татяна Желязкова
Авт. отговорност на др. автор *
9 (RLIN) 365084
760 1# - Описание на основната серия
Заглавие
852 ## - Местоположение
Сигнатура (форматна) Цб CD 3771
Част 0
856 4# - Електронен адрес и достъп
Електронен формат pdf - файл
Път до файла (ресурса)
856 4# - Електронен адрес и достъп
Електронен формат pdf - файл
Път до файла (ресурса)
942 ## - АРТИКУЛИ
Вид на библиотечния документ Компактдискове
Скрит в OPAC Не
944 ## - СЪЗДАВАНЕ И РЕДАКЦИЯ на ЗАПИСА
Създаване/Редакция Създаване
Дата на регистрацията/редакция 27.06.2014
Служител, извършил регистрацията/редакцията 30542
Номер на служител Русанова Ирена
944 ## - СЪЗДАВАНЕ И РЕДАКЦИЯ на ЗАПИСА
Създаване/Редакция Редакция
Дата на регистрацията/редакция 01.07.2014
999 ## - СИСТЕМНИ КОНТРОЛНИ НОМЕРА
Koha biblionumber 227296
Koha biblioitemnumber 227296
999 ## - СИСТЕМНИ КОНТРОЛНИ НОМЕРА
Koha biblioitemnumber 227296
Наличности
Код за отписване Код за изгубен артикул Източник на класификационната схема Код за повреда Коз за рестрикции Код за отдаване Артикулен № Име на библиотеката - собственик Име на библиотеката, в която се намира в момента Статус (Текущо местоположение) Дата на вписване в системата Местоположение - отдел Цена в лева Инвентарен номер Систематично азбучна сигнатура Баркод Номер на екземпляра Цена в евро Служебна бележка Служебен тип на артикула
  Не е изгубен Universal Decimal Classification Не е повреден без рестрикции заемане за дома 399441 Регионална библиотека "Любен Каравелов" Русе Регионална библиотека "Любен Каравелов" Русе Отдел Изкуство - подръчен фонд 2000-01-01 Отдел Изкуство - подръчен фонд 15.00 120000907860 791.221/228/W 74 K 120000907860 1 7.67 Дост: DA Вид: А N: стар фонд Дата: 01.01.2000 Съставил: Теодора_Стоянова Компактдискове
Vip Innovations Ltd, Rousse, Bulgaria 2025